| 000 | 00501nam a22001815i 4500 | ||
|---|---|---|---|
| 001 | 68536 | ||
| 003 | ES-MaACL | ||
| 005 | 20230906170313.0 | ||
| 007 | t| | ||
| 008 | 960807s1895 fr ||||1| ita d | ||
| 040 |
_aCAM _bspa _cCAM |
||
| 100 | 1 |
_aGarofalo, Francesco P. _955619 |
|
| 245 | 1 | 4 |
_aGli allobroges / _cFrancesco P. Garofalo. |
| 260 |
_aParigi : _bH. Welter, _c1895. |
||
| 300 |
_a102 p., [1] h. pleg. de map. ; _c24 cm. |
||
| 650 | 4 |
_aAllobroges. _9151199 |
|
| 852 |
_aES-MaACL _jT-924-F-6 |
||
| 999 |
_c68536 _d68536 |
||